| 000 | 00527cam a22002051 4500 | ||
|---|---|---|---|
| 001 | af 48004208 | ||
| 003 | DLC | ||
| 005 | 20260227110906.0 | ||
| 008 | 890403s1946 au 000 1 ger c | ||
| 010 | _aaf 48004208 | ||
| 035 | _a(OCoLC)19490140 | ||
| 040 |
_aYale Univ. Library _cCU _dDLC |
||
| 042 | _apremarc | ||
| 050 | 0 | 0 |
_aPT2615.A74 _bF5 |
| 082 | _a833.91 | ||
| 100 | 1 |
_aHarrer, Josef Robert, _d1896- |
|
| 245 | 1 | 0 |
_aFlucht vor Elena; _bRoman. |
| 260 |
_aSalzburg, _bFestungsverlag, _c1946. |
||
| 300 |
_a128 p. _c17 cm. |
||
| 999 |
_c5946 _d5946 |
||